[Event "Bilderbergtoernooi"]
[Site "Oosterbeek"]
[Date "2006.07.06"]
[Round "6.14"]
[White "Taal, AP."]
[Black "Plijter, MW."]
[Result "1/2-1/2"]
[WhiteElo "1917"]
[BlackElo "1938"]
[PlyCount "81"]
[EventDate "2006.07.08"]

1. d4 Nf6 2. Nf3 g6 3. Nbd2 d5 4. e3 Bg7 5. Bd3 Nbd7 6. O-O O-O 7. e4 dxe4 8.
Nxe4 Nxe4 9. Bxe4 Nf6 10. Bd3 Bg4 11. Be2 Qd6 12. c3 Rad8 13. h3 Bf5 14. Ne5 c5
15. Be3 Nd5 16. Nf3 Nxe3 17. fxe3 Qe6 18. Re1 Qxe3+ 19. Kh1 Qf4 20. Qc1 Qc7 21.
dxc5 Qxc5 22. Bf1 Rfe8 23. Qe3 Qxe3 24. Rxe3 Bh6 25. Ree1 a6 26. Bc4 b5 27. Bb3
Bg7 28. Rad1 e6 29. g4 Bd3 30. Nd4 Bc4 31. Bxc4 bxc4 32. Nc6 Rc8 33. Na5 Rc5
34. Nb7 Rc7 35. Na5 Bf6 36. Rd6 Rb8 37. Re2 Ra8 38. Re4 Rac8 39. Rxa6 Rd8 40.
Nxc4 Rdd7 41. Re2 1/2-1/2

[Event "Bilderbergtoernooi"]
[Site "Oosterbeek"]
[Date "2006.07.06"]
[Round "6.15"]
[White "Scholten, KR."]
[Black "Huizinga, SW."]
[Result "1/2-1/2"]
[WhiteElo "2010"]
[BlackElo "1922"]
[PlyCount "68"]
[EventDate "2006.07.08"]

1. e4 e6 2. d4 d5 3. Nc3 Nf6 4. e5 Nfd7 5. f4 c5 6. Nf3 Nc6 7. Be3 Be7 8. Qd2
O-O 9. O-O-O Qa5 10. Kb1 c4 11. Ne2 Qxd2 12. Rxd2 b5 13. g4 g6 14. h4 f5 15. g5
Rf7 16. Ng3 Nf8 17. Rdh2 Bd7 18. h5 Rg7 19. Nh4 Be8 20. Be2 Rb8 21. c3 a5 22.
Bf3 b4 23. hxg6 hxg6 24. Bd2 bxc3 25. Bxc3 Rh7 26. Ng2 Rxh2 27. Rxh2 a4 28. Ne1
a3 29. Kc1 axb2+ 30. Bxb2 Nb4 31. Bc3 Ra8 32. Kb1 Nc6 33. Nc2 Rb8+ 34. Ka1 Kg7
1/2-1/2

[Event "Bilderbergtoernooi"]
[Site "Oosterbeek"]
[Date "2006.07.07"]
[Round "7.2"]
[White "Etmans, MD."]
[Black "Markus, JR."]
[Result "0-1"]
[WhiteElo "2101"]
[BlackElo "2167"]
[PlyCount "150"]
[EventDate "2006.07.08"]

1. e3 d5 2. Nf3 Nf6 3. b3 Bg4 4. Be2 Nbd7 5. Bb2 e6 6. O-O Bd6 7. d4 Ne4 8.
Nbd2 f5 9. Nxe4 fxe4 10. Ne5 Bxe2 11. Qxe2 Bxe5 12. dxe5 O-O 13. Qg4 Rf5 14. f4
exf3 15. Rxf3 Qg5 16. Qxg5 Rxg5 17. Raf1 Rf8 18. Rxf8+ Nxf8 19. e4 c6 20. exd5
exd5 21. h3 Ne6 22. Kh2 d4 23. Rd1 Rxe5 24. Rd2 c5 25. Kg3 Re3+ 26. Kf2 Ng5 27.
Re2 Ne4+ 28. Ke1 Rxe2+ 29. Kxe2 Kf7 30. Kd3 Nd6 31. b4 b6 32. bxc5 bxc5 33. c3
dxc3 34. Bxc3 g6 35. Bd2 Ke6 36. Bf4 Kd5 37. Be3 a6 38. Bf2 c4+ 39. Kc2 Ne4 40.
Bb6 Ke5 41. Bc7+ Kf5 42. Bb8 Ke6 43. Bh2 Kd5 44. Bb8 Kc5 45. a3 Kb5 46. Bf4 Ka4
47. Bc1 a5 48. Kb2 Kb5 49. Kc2 Kc5 50. Be3+ Kd5 51. Bb6 a4 52. Bd8 h5 53. Bc7
Nd6 54. Bd8 Nb5 55. Be7 Ke4 56. g4 hxg4 57. hxg4 Nc7 58. g5 Nd5 59. Bf6 Kf5 60.
Bd8 Ke6 61. Ba5 Kd7 62. Be1 Kc6 63. Ba5 Kc5 64. Be1 Kd4 65. Bf2+ Ke4 66. Be1
Ke3 67. Bd2+ Ke2 68. Ba5 Ke3 69. Bd2+ Kd4 70. Be1 c3 71. Bf2+ Kc4 72. Bg1 Nc7
73. Bh2 Nb5 74. Be5 Nxa3+ 75. Kc1 Nb5 0-1

[Event "Bilderbergtoernooi"]
[Site "Oosterbeek"]
[Date "2006.07.07"]
[Round "7.3"]
[White "van den Berg, AMJ."]
[Black "Böhm, H."]
[Result "0-1"]
[WhiteElo "2162"]
[BlackElo "2263"]
[PlyCount "142"]
[EventDate "2006.07.08"]

1. e4 d5 2. exd5 Nf6 3. c4 c6 4. Nc3 cxd5 5. cxd5 Nxd5 6. Nf3 Nc6 7. d4 e6 8.
Bd3 Be7 9. O-O O-O 10. Re1 Nf6 11. Bg5 h6 12. Bf4 Nb4 13. Bc4 Nbd5 14. Nxd5
Nxd5 15. Bd2 b6 16. Ne5 Bb7 17. Qf3 Bg5 18. Bxg5 Qxg5 19. Rad1 Rac8 20. Bd3 Rc7
21. Qg3 Nf4 22. Be4 Bxe4 23. Rxe4 Qxg3 24. hxg3 Nd5 25. Re2 Rfc8 26. Kf1 h5 27.
a3 Rc2 28. Nf3 Kf8 29. Rxc2 Rxc2 30. Rd2 Rc1+ 31. Ke2 Ke7 32. Kd3 Nf6 33. Ne5
Ng4 34. Ke2 Nxe5 35. dxe5 Rc5 36. f4 f6 37. exf6+ gxf6 38. Ke3 a5 39. Kf3 Rb5
40. Re2 Rb3+ 41. Kf2 Kf7 42. Rc2 Kg6 43. Kg1 Rxg3 44. b4 Rxa3 45. Rc6 Kf5 46.
b5 Ra4 47. g3 h4 48. gxh4 Rxf4 49. h5 Rh4 50. Rxb6 Rxh5 51. Ra6 Rh3 52. Rxa5
Rb3 53. Kf2 e5 54. Ke2 Ke4 55. Kd2 Kd4 56. Kc2 Rb4 57. Ra6 f5 58. Rf6 f4 59. b6
Rb5 60. Rd6+ Ke4 61. Kc3 f3 62. Kc4 f2 63. Rf6 Rxb6 64. Rxf2 Rc6+ 65. Kb3 Ke3
66. Rf8 e4 67. Rf7 Kd2 68. Rd7+ Ke2 69. Rf7 e3 70. Rf8 Kd2 71. Rd8+ Ke1 {
zwart won na 73 zetten} 0-1

[Event "Bilderbergtoernooi"]
[Site "Oosterbeek"]
[Date "2006.07.07"]
[Round "7.4"]
[White "van Caspel, RDJ."]
[Black "Maes, V."]
[Result "1/2-1/2"]
[WhiteElo "2027"]
[BlackElo "2065"]
[PlyCount "67"]
[EventDate "2006.07.08"]

1. d4 e6 2. c4 d5 3. Nf3 c6 4. e3 f5 5. g3 Nf6 6. Bg2 Bd6 7. O-O O-O 8. b3 Qe7
9. Qc2 b6 10. a4 a5 11. Ne5 Bb7 12. Ba3 Na6 13. Nd3 Bxa3 14. Nxa3 Nb4 15. Nxb4
axb4 16. Nb1 dxc4 17. bxc4 c5 18. Bxb7 Qxb7 19. Nd2 Rfd8 20. Nb3 Qc6 21. a5
bxa5 22. Nxa5 Qf3 23. Nb3 Rxa1 24. Rxa1 Ne4 25. Nxc5 Nxc5 26. dxc5 h5 27. h4
Rd7 28. Re1 Kf7 29. Qe2 Qxe2 30. Rxe2 Rd1+ 31. Kg2 Rc1 32. Ra2 Rxc4 33. Ra7+
Kf6 34. Rb7 1/2-1/2

[Event "Bilderbergtoernooi"]
[Site "Oosterbeek"]
[Date "2006.07.07"]
[Round "7.5"]
[White "Zuidema, C."]
[Black "Vogel, J."]
[Result "1-0"]
[WhiteElo "2450"]
[BlackElo "2212"]
[PlyCount "52"]
[EventDate "2006.07.08"]

1. e4 e6 2. d4 d5 3. Nd2 Nf6 4. Bd3 c5 5. e5 Nfd7 6. c3 Nc6 7. Ne2 a5 8. O-O a4
9. Nf3 Be7 10. Re1 cxd4 11. Nexd4 Nc5 12. Bc2 Bd7 13. Bd2 Qb6 14. b4 axb3 15.
axb3 Rxa1 16. Qxa1 O-O 17. b4 Nxd4 18. Nxd4 Na6 19. Qd1 Nc7 20. Bh6 f5 21. exf6
Bxf6 22. Qd3 g6 23. Bxf8 Kxf8 24. Nb3 Kg7 25. Nc5 Bb5 26. Qg3 Qc6 1-0

[Event "Bilderbergtoernooi"]
[Site "Oosterbeek"]
[Date "2006.07.07"]
[Round "7.6"]
[White "van Putten, H."]
[Black "de Graaff, RAG."]
[Result "1/2-1/2"]
[WhiteElo "2252"]
[BlackElo "2159"]
[PlyCount "36"]
[EventDate "2006.07.08"]

1. e4 g6 2. d4 Bg7 3. Nf3 d6 4. Nbd2 Nf6 5. c3 O-O 6. Be2 Nc6 7. O-O e5 8. dxe5
dxe5 9. Qc2 Nh5 10. Rd1 Nf4 11. Bc4 Qf6 12. Nf1 Bg4 13. Be2 Nh3+ 14. gxh3 Bxf3
15. Bxf3 Qxf3 16. Ng3 Rad8 17. Bg5 Bf6 18. Bh6 Bg7 1/2-1/2

[Event "Bilderbergtoernooi"]
[Site "Oosterbeek"]
[Date "2006.07.07"]
[Round "7.7"]
[White "Monté, PJ."]
[Black "Haitsma, AH."]
[Result "0-1"]
[WhiteElo "2012"]
[BlackElo "1932"]
[PlyCount "68"]
[EventDate "2006.07.08"]

1. e4 e5 2. f4 exf4 3. Nf3 d5 4. exd5 Nf6 5. Nc3 Nxd5 6. Nxd5 Qxd5 7. d4 Be7 8.
Be2 g5 9. O-O Bf5 10. c4 Qd6 11. c5 Qd5 12. b3 Nc6 13. Bc4 Qd7 14. Bb2 g4 15.
Ne1 O-O-O 16. Rxf4 Bg5 17. Rxf5 Qxf5 18. Bd3 Be3+ 19. Kh1 Qf2 20. Nc2 Nxd4 21.
Qxg4+ f5 22. Qh3 Nxc2 23. Qxf5+ Qxf5 24. Bxf5+ Kb8 25. Bxc2 Bd4 26. Bxd4 Rxd4
27. Re1 Rd2 28. Bxh7 Rxa2 29. Bd3 a5 30. Rc1 Rg8 31. Bf1 Rf8 32. Kg1 Rb2 33.
Ra1 Rxb3 34. Be2 Rc3 0-1

[Event "Bilderbergtoernooi"]
[Site "Oosterbeek"]
[Date "2006.07.07"]
[Round "7.8"]
[White "de Rooi, P."]
[Black "Van Leeuwen, E."]
[Result "1/2-1/2"]
[WhiteElo "1968"]
[BlackElo "2109"]
[PlyCount "42"]
[EventDate "2006.07.08"]

1. e4 d5 2. exd5 Nf6 3. Nc3 Nxd5 4. Bc4 c6 5. d4 Be6 6. Nxd5 Bxd5 7. Bxd5 Qxd5
8. Nf3 e6 9. O-O Be7 10. Bf4 O-O 11. Ne5 Rd8 12. c3 Nd7 13. Re1 c5 14. dxc5
Qxd1 15. Raxd1 Nxc5 16. Nc4 Nd3 17. Bc7 Nxe1 18. Bxd8 Rxd8 19. Rxe1 g6 20. Kf1
Bf6 21. Ke2 b5 1/2-1/2

[Event "Bilderbergtoernooi"]
[Site "Oosterbeek"]
[Date "2006.07.07"]
[Round "7.10"]
[White "Tsoukkerman, BZ."]
[Black "Taal, AP."]
[Result "1/2-1/2"]
[WhiteElo "2018"]
[BlackElo "1917"]
[PlyCount "24"]
[EventDate "2006.07.08"]

1. b4 e5 2. Bb2 d6 3. c4 Nf6 4. e3 Be7 5. Nf3 O-O 6. Nc3 c6 7. d4 exd4 8. Nxd4
Bg4 9. Be2 Bxe2 10. Qxe2 Nbd7 11. b5 Rc8 12. O-O Re8 1/2-1/2

[Event "Bilderbergtoernooi"]
[Site "Oosterbeek"]
[Date "2006.07.07"]
[Round "7.11"]
[White "Pluymert, PW."]
[Black "Mostertman, LG."]
[Result "0-1"]
[WhiteElo "1983"]
[BlackElo "1927"]
[PlyCount "81"]
[EventDate "2006.07.08"]

1. e4 e5 2. Nf3 Nc6 3. c4 Nf6 4. Nc3 d6 5. d4 Bg4 6. d5 Nd4 7. Qa4+ Bd7 8. Qd1
Bg4 9. Be2 Nxe2 10. Qxe2 g6 11. h3 Bd7 12. Be3 Bg7 13. Nd2 O-O 14. g4 Ne8 15.
O-O-O f5 16. gxf5 gxf5 17. exf5 Bxf5 18. Rhg1 Kh8 19. Qh5 Qd7 20. Rg3 Nf6 21.
Qh4 Rg8 22. Rdg1 Raf8 23. Nf3 a6 24. Rg5 b5 25. c5 Bd3 26. c6 Qf7 27. Rxe5 dxe5
28. Nxe5 Qe7 29. Nxd3 Nxd5 30. Qxe7 Nxe7 31. Bc5 Rf7 32. Bxe7 Rxe7 33. Nd5 Re6
34. Kb1 Rd8 35. N3f4 Rxc6 36. Ne7 Rcd6 37. Rg4 Rd1+ 38. Kc2 R8d2+ 39. Kb3 Rxb2+
40. Ka3 Rdd2 41. Nf5 0-1

[Event "Bilderbergtoernooi"]
[Site "Oosterbeek"]
[Date "2006.07.07"]
[Round "7.12"]
[White "Nagel, JG."]
[Black "Toorman, J."]
[Result "1/2-1/2"]
[WhiteElo "1939"]
[BlackElo "1969"]
[PlyCount "38"]
[EventDate "2006.07.08"]

1. e4 c5 2. Nf3 e6 3. d4 cxd4 4. Nxd4 a6 5. Bd3 Qc7 6. O-O Nc6 7. Nxc6 bxc6 8.
c4 Nf6 9. Nc3 Be7 10. Re1 e5 11. Be3 Rb8 12. b3 d6 13. Rc1 O-O 14. Be2 Rd8 15.
f4 Bb7 16. Kh1 Nd7 17. Bf3 exf4 18. Bxf4 Ne5 19. Qe2 Bf6 1/2-1/2

[Event "Bilderbergtoernooi"]
[Site "Oosterbeek"]
[Date "2006.07.07"]
[Round "7.13"]
[White "Grotenhuis, GH."]
[Black "Plijter, MW."]
[Result "0-1"]
[WhiteElo "2005"]
[BlackElo "1938"]
[PlyCount "80"]
[EventDate "2006.07.08"]

1. b3 e5 2. Bb2 Nc6 3. e3 d6 4. Bb5 Nge7 5. d4 exd4 6. exd4 Bd7 7. d5 Ne5 8.
Be2 c6 9. dxc6 Bxc6 10. Nf3 N7g6 11. O-O Be7 12. Nd4 Qc7 13. f4 Nd7 14. Na3 a6
15. Bf3 O-O 16. Nf5 Nf6 17. Nc4 Bb5 18. Qd4 d5 19. Nxe7+ Nxe7 20. Qe5 Rac8 21.
a4 Bxc4 22. bxc4 dxc4 23. Ba3 Rfe8 24. Rab1 Ned5 25. Qxc7 Rxc7 26. Bd6 Rd7 27.
Be5 Ne3 28. Rfc1 Nfd5 29. g3 g5 30. Kf2 f6 31. Bd4 g4 32. Be2 Nxf4 33. Bxe3
Nxe2 34. Rb6 Nxc1 35. Bxc1 Kf7 36. Ba3 Rd2+ 37. Kf1 Rxc2 38. Rxb7+ Kg6 39. Bc5
Rc8 40. Bd4 Rd2 0-1

[Event "Bilderbergtoernooi"]
[Site "Oosterbeek"]
[Date "2006.07.07"]
[Round "7.14"]
[White "Scholten, KR."]
[Black "Arp, FL."]
[Result "0-1"]
[WhiteElo "2010"]
[BlackElo "1997"]
[PlyCount "44"]
[EventDate "2006.07.08"]

1. e4 e5 2. f4 exf4 3. Nf3 d5 4. exd5 Nf6 5. Bb5+ c6 6. dxc6 bxc6 7. Bc4 Bd6 8.
Qe2+ Kf8 9. d4 Bg4 10. O-O Nbd7 11. Qd3 Nd5 12. Bb3 g5 13. c4 Nb4 14. Qc3 Bxf3
15. Rxf3 c5 16. a3 cxd4 17. Qe1 Nc6 18. Ba2 Nde5 19. Rh3 h5 20. b4 g4 21. c5
gxh3 22. cxd6 Qg5 0-1

[Event "Bilderbergtoernooi"]
[Site "Oosterbeek"]
[Date "2006.07.07"]
[Round "7.15"]
[White "Huizinga, SW."]
[Black "Mostertman, CA."]
[Result "1/2-1/2"]
[WhiteElo "1922"]
[BlackElo "1933"]
[PlyCount "47"]
[EventDate "2006.07.08"]

1. e4 e5 2. Bc4 Nf6 3. d3 Bc5 4. Nf3 d6 5. c3 Nc6 6. O-O Bg4 7. Nbd2 Qd7 8. b4
Bb6 9. a4 a5 10. b5 Nd8 11. Re1 Ne6 12. Nf1 O-O-O 13. Be3 Nf4 14. Bxb6 cxb6 15.
N1d2 h5 16. d4 Qc7 17. Qb3 Ne6 18. h3 Bxf3 19. Nxf3 Rde8 20. Bd3 Nf4 21. c4
exd4 22. Nxd4 Nd7 23. Bf1 Qc5 24. Rad1 1/2-1/2